000
00293nam a22001337a 4500
008
181022b xxu||||| |||| 00| 0 eng d
020
_a
9780395433508
041
_a
eng
080
_a
338
100
_a
59
101
_a
KON
245
_a
Principles Accouting
_c
Needles. A
942
_2
udc
_c
BK
999
_c
50445
_d
50445